000
00265nam a2200109Ia 4500
008
200302s9999 xx 000 0 und d
100
_a
Faculty of Architecture
245
_a
RSP Ujjain
260
_b
Cept University Press Ahmedabad
260
_c
2012
300
_a
21 P.,
999
_c
3210
_d
3210